000
00269nam a2200121Ia 4500
008
190216s9999||||xx |||||||||||||| ||und||
100
_a
Arthur Lewis
245
0
_a
Theory Of Economic Growth
260
_b
Null
_c
1977
300
_a
453p
650
_a
Commerce
942
_c
BK
999
_c
3924
_d
3924